| 000 | 01095nam a2200325Ia 4500 | ||
|---|---|---|---|
| 001 | Z_1124 | ||
| 003 | CHAP | ||
| 008 | 220113s1968 xx 000 0 und d | ||
| 010 | _a164205 | ||
| 040 | _cCHAP | ||
| 082 | _a636.087 U53 | ||
| 100 |
_aUnderwood, Eric J. _9116139 |
||
| 245 |
_aLos minerales en la nutrición del ganado / _cEric J. Underwood; traducciónPedro Ducar Maluenda |
||
| 260 |
_aEspaña : _bFAO; Acribia, _c1968 |
||
| 300 | _a210 p. | ||
| 500 | _aTraducción de la obra en inglés: The mineral nutrition livestock, 2th ed. de 1981 | ||
| 503 | _aej.1: 0252 \ ej.2: Perdido \ ej.3: 0254 \ ej.4: s/n \ ej.5: 0253 | ||
| 650 |
_aAlimentos y alimentación del ganado _94326 |
||
| 650 |
_aAnimales _xElementos minerales _95861 |
||
| 650 |
_aMinerales en nutrición animal _975937 |
||
| 650 |
_aNutrición animal _982275 |
||
| 700 | _aDucar Maluenda, Pedro, tr. | ||
| 710 |
_aOrganización de la Naciones Unidas para la Agricultura y la Alimentación _9138288 |
||
| 901 | _a636.087 U53 | ||
| 902 | _aM | ||
| 910 | _a1968 | ||
| 942 | _c1 | ||
| 942 | _cc1 | ||
| 999 |
_c164205 _d164205 |
||